000 003260000a22001450004500
020 _a84-322-0482-X
041 0 _aSPA
082 0 4 _aG 864 P3481t
100 1 _aPaz, Octavio (1914-)
245 1 0 _aTiempo nublado / Octavio Paz
260 _aBarcelona, EspaƱa : Seix Barral
300 _a206 Pag
001 11161
942 _cBK
999 _c40527
_d40527